000 00557cam a22002053a 4500
001 38502
003 PGUSA
005 20140828083841.0
008 120106s2012||||xxu|||||s|||||000 | eng d
040 _aPGUSA
_beng
042 _adc
100 1 _aEngel, Georg,
_d1866-1931
245 1 0 _aHann Klüth
_h[electronic resource] /
_cGeorg Engel
260 _bProject Gutenberg,
_c2012
506 _aPublic domain in the USA.
516 _aElectronic text
830 0 _aProject Gutenberg
_v38502
856 4 0 _uhttp://www.gutenberg.org/ebooks/38502
942 _cEB
999 _c267756
_d267756